000 00200 a2200097 4500
001 8556
100 _aHill,T.E
245 _aAutonomy & Self-Respect
260 _a
_bCambridge
_c
090 _c6883
_d6883
942 _aNUST-CAE
_cM
_c33470
999 _c243629
_d243629